Tres novelas ejemplares y un prólogo

Enregistré dans:
Détails bibliographiques
Auteur principal: Unamuno, Miguel de (Auteur)
Format: Livre
Langue:espagnol
Publié: Buenos Aires Espasa-Calpe 1941
Édition:2a. ed
Collection:Colección austral, 70
Sujets:
Tags: Ajouter un tag
Pas de tags, Soyez le premier à ajouter un tag!

MARC

LEADER 00000nam a2200000 a 4500
001 UCY2419
003 CL-VaPUC
008 941025e19410000AG |||||||||||||||||spa|d
082 0 4 |a 863  |b UNA  |2 21 
100 0 |a Unamuno, Miguel de  |e author  |9 312478 
245 1 0 |a Tres novelas ejemplares y un prólogo 
250 |a 2a. ed 
300 |a 149 p 
942 |c BK 
945 |d 19941025 00:00:00  |a oaravena 
260 |a Buenos Aires  |b Espasa-Calpe  |c 1941 
650 0 |a Novelas españolas  |9 265052 
583 |a last modification  |c 19941025 00:00:00  |k Rodrigo Vera 
490 0 |a Colección austral, 70 
999 |c 230832  |d 230830 
952 |0 0  |1 0  |4 0  |6 863_000000000000000_UNA_1941  |7 0  |8 A  |9 233416  |a BIBEDU  |b BIBEDU  |d 2019-11-15  |i 3024164  |o 863 UNA 1941  |p 3024164  |r 2019-11-15  |w 2019-11-15  |y BK  |k LIT